000 00540nam a2200229Ia 4500
003 OSt
005 20220912153228.0
006 a|||||r|||| 00| 0
007 ta
008 220909b |||||||| |||| 00| 0 eng d
024 _a939
037 _cTextual
040 _aCSL
_beng
_cCSL
041 _aeng
082 _aB25,1, K7
100 _aStewart Frank M
245 0 _aIntroduction to linear algebra
260 _c1967
300 _ap.
_ccm.
942 _hB25,1, K7
_cTEXL
_2CC
999 _c99394
_d99394